Testing electrical installations and machines: a practical work for contractors, wire men and works electricians (Record no. 1930)

000 -LEADER
fixed length control field 00478nam a22001577a 4500
008 - FIXED-LENGTH DATA ELEMENTS--GENERAL INFORMATION
fixed length control field 200207b ||||| |||| 00| 0 eng d
082 00 - DEWEY DECIMAL CLASSIFICATION NUMBER
Classification number 621.3
Item number M727
100 ## - MAIN ENTRY--PERSONAL NAME
9 (RLIN) 1476
Personal name Mollow, E.
245 10 - TITLE STATEMENT
Title Testing electrical installations and machines: a practical work for contractors, wire men and works electricians
250 ## - EDITION STATEMENT
Edition statement 4th
260 ## - PUBLICATION, DISTRIBUTION, ETC. (IMPRINT)
Place of publication, distribution, etc London
Name of publisher, distributor, etc George Newnes Ltd.
Date of publication, distribution, etc 1947
300 ## - PHYSICAL DESCRIPTION
Extent viii,203p.
365 ## - TRADE PRICE
Unit of pricing 5.03
650 #0 - SUBJECT ADDED ENTRY--TOPICAL TERM
Topical term or geographic name as entry element Electric Testing
942 ## - ADDED ENTRY ELEMENTS (KOHA)
Item type Books
Holdings
Withdrawn status Lost status Source of classification or shelving scheme Damaged status Not for loan Permanent location Current location Date acquired Source of acquisition Full call number Barcode Date last seen Koha item type
          IMU Kolkata IMU Kolkata 1953-03-13 A. H. Wheeler 621.3 M727 01632 2020-02-07 Books
  Lost       IMU Kolkata IMU Kolkata 1953-03-13 A. H. Wheeler 621.3 M727 01631 2020-07-24 Books
Designed and Maintained by IMU-KC Library, Kolkata Campus © Copyright All Rights Reserved

webs counters

Powered by Koha